[Event "Team Championship (men blitz)"]
[Site "Sochi"]
[Date "2017.10.05"]
[Round "11.8"]
[White "Usmanov, Vasily"]
[Black "Kobalia, Mikhail"]
[Result "1/2-1/2"]
[LiveChessVersion "1.4.8"]
[BlackElo "2568"]
[WhiteElo "2441"]

1. d4 {[%clk 0:03:03]} d5 {[%clk 0:03:03]} 2. Nf3 {[%clk 0:02:54]} Nf6
{[%clk 0:03:04]} 3. c4 {[%clk 0:02:55]} c6 {[%clk 0:03:05]} 4. e3
{[%clk 0:02:53]} Bf5 {[%clk 0:03:05]} 5. Nc3 {[%clk 0:02:53]} e6 {[%clk 0:03:06]}
6. Nh4 {[%clk 0:02:47]} Be4 {[%clk 0:03:07]} 7. f3 {[%clk 0:02:46]} Bg6
{[%clk 0:03:09]} 8. Qb3 {[%clk 0:02:47]} Qc7 {[%clk 0:03:10]} 9. Bd2
{[%clk 0:02:45]} Be7 {[%clk 0:03:11]} 10. f4 {[%clk 0:02:15]} O-O
{[%clk 0:02:51]} 11. Nf3 {[%clk 0:02:07]} dxc4 {[%clk 0:02:46]} 12. Bxc4
{[%clk 0:02:05]} b5 {[%clk 0:02:47]} 13. Be2 {[%clk 0:02:04]} a6 {[%clk 0:02:48]}
14. O-O {[%clk 0:02:01]} c5 {[%clk 0:02:50]} 15. Ne5 {[%clk 0:01:44]} Nbd7
{[%clk 0:01:43]} 16. Bf3 {[%clk 0:01:44]} Rac8 {[%clk 0:01:43]} 17. Rac1
{[%clk 0:01:18]} Qb6 {[%clk 0:01:44]} 18. Ne2 {[%clk 0:01:10]} cxd4
{[%clk 0:01:40]} 19. Nxd7 {[%clk 0:01:07]} Nxd7 {[%clk 0:01:40]} 20. exd4
{[%clk 0:00:56]} Nf6 {[%clk 0:01:35]} 21. Be3 {[%clk 0:00:57]} Qd6
{[%clk 0:01:29]} 22. Rxc8 {[%clk 0:00:50]} Rxc8 {[%clk 0:01:30]} 23. Rc1
{[%clk 0:00:49]} Rxc1+ {[%clk 0:01:30]} 24. Bxc1 {[%clk 0:00:48]} Nd5
{[%clk 0:01:31]} 25. g3 {[%clk 0:00:46]} h6 {[%clk 0:01:29]} 26. a3
{[%clk 0:00:46]} Bf6 {[%clk 0:01:25]} 27. Kf2 {[%clk 0:00:37]} Qc6
{[%clk 0:01:21]} 28. Be3 {[%clk 0:00:26]} Bc2 {[%clk 0:01:18]} 29. Bxd5
{[%clk 0:00:26]} exd5 {[%clk 0:01:18]} 30. Qc3 {[%clk 0:00:25]} Qc4
{[%clk 0:01:05]} 31. b4 {[%clk 0:00:18]} Kf8 {[%clk 0:01:01]} 32. Qxc4
{[%clk 0:00:14]} dxc4 {[%clk 0:01:02]} 33. Nc3 {[%clk 0:00:14]} Be7
{[%clk 0:00:45]} 34. Ke1 {[%clk 0:00:15]} Ke8 {[%clk 0:00:44]} 35. Kd2
{[%clk 0:00:16]} Bf5 {[%clk 0:00:45]} 36. Nd5 {[%clk 0:00:16]} Bd8
{[%clk 0:00:45]} 37. Bf2 {[%clk 0:00:15]} Kd7 {[%clk 0:00:46]} 38. Kc3
{[%clk 0:00:16]} Kd6 {[%clk 0:00:44]} 39. Ne3 {[%clk 0:00:17]} Be4
{[%clk 0:00:45]} 40. g4 {[%clk 0:00:18]} Kc6 {[%clk 0:00:41]} 41. Bg3
{[%clk 0:00:16]} g6 {[%clk 0:00:41]} 42. h4 {[%clk 0:00:11]} h5 {[%clk 0:00:41]}
43. gxh5 {[%clk 0:00:11]} gxh5 {[%clk 0:00:42]} 44. f5 {[%clk 0:00:12]} Bf6
{[%clk 0:00:43]} 45. Bf2 {[%clk 0:00:08]} Bh8 {[%clk 0:00:41]} 46. Bg3
{[%clk 0:00:09]} Bg7 {[%clk 0:00:42]} 47. Bf2 {[%clk 0:00:08]} Bh6
{[%clk 0:00:43]} 48. Bg1 {[%clk 0:00:08]} Bf4 {[%clk 0:00:43]} 49. Bf2
{[%clk 0:00:10]} Kd6 {[%clk 0:00:43]} 50. Kb2 {[%clk 0:00:08]} Bxe3
{[%clk 0:00:36]} 51. Bxe3 Bxf5 52. Kc3 {[%clk 0:00:08]} Kd5 {[%clk 0:00:39]} 53.
Bg5 {[%clk 0:00:07]} Ke4 {[%clk 0:00:37]} 54. d5 {[%clk 0:00:05]} Kxd5
{[%clk 0:00:36]} 55. Kd2 {[%clk 0:00:05]} Ke4 {[%clk 0:00:37]} 56. Bf6
{[%clk 0:00:07]} Be6 {[%clk 0:00:37]} 57. Ke2 {[%clk 0:00:07]} Bd7
{[%clk 0:00:38]} 58. Kd2 {[%clk 0:00:07]} Bg4 {[%clk 0:00:39]} 59. Kc3
{[%clk 0:00:07]} Kd5 {[%clk 0:00:37]} 60. Kd2 {[%clk 0:00:08]} Ke6
{[%clk 0:00:37]} 61. Bc3 {[%clk 0:00:09]} Kf5 {[%clk 0:00:35]} 62. Ke3
{[%clk 0:00:10]} Bd1 {[%clk 0:00:36]} 63. Bd4 {[%clk 0:00:10]} Bc2
{[%clk 0:00:35]} 64. Bc3 {[%clk 0:00:11]} Be4 {[%clk 0:00:36]} 65. Bd4
{[%clk 0:00:13]} Bc6 {[%clk 0:00:37]} 66. Bc3 {[%clk 0:00:14]} Kg4
{[%clk 0:00:32]} 67. Bf6 {[%clk 0:00:15]} Kg3 {[%clk 0:00:33]} 68. Kd4
{[%clk 0:00:05]} Kf4 {[%clk 0:00:34]} 69. Bg5+ {[%clk 0:00:06]} Kf5
{[%clk 0:00:34]} 70. Ke3 {[%clk 0:00:05]} f6 {[%clk 0:00:35]} 71. Bh6
{[%clk 0:00:05]} Kg4 {[%clk 0:00:35]} 72. Bg7 {[%clk 0:00:06]} f5
{[%clk 0:00:36]} 73. Be5 {[%clk 0:00:07]} Bb7 {[%clk 0:00:35]} 74. Bd6
{[%clk 0:00:05]} c3 {[%clk 0:00:33]} 75. Kd3 {[%clk 0:00:07]} f4 {[%clk 0:00:34]}
76. Kxc3 {[%clk 0:00:08]} f3 {[%clk 0:00:35]} 77. Kd2 {[%clk 0:00:06]} Kxh4
{[%clk 0:00:35]} 78. Ke3 {[%clk 0:00:07]} Kg4 {[%clk 0:00:34]} 79. Bc7
{[%clk 0:00:06]} Bd5 {[%clk 0:00:35]} 80. Kf2 {[%clk 0:00:07]} Be6
{[%clk 0:00:34]} 81. Ke3 {[%clk 0:00:08]} Bd5 {[%clk 0:00:28]} 82. Kf2
{[%clk 0:00:10]} Kf5 {[%clk 0:00:27]} 83. Ke3 {[%clk 0:00:11]} Bc6
{[%clk 0:00:28]} 84. Bg3 {[%clk 0:00:11]} Ke6 {[%clk 0:00:27]} 85. Kd4
{[%clk 0:00:13]} Bb7 {[%clk 0:00:27]} 86. Bh4 {[%clk 0:00:13]} Kf5
{[%clk 0:00:28]} 87. Ke3 {[%clk 0:00:12]} Ke5 {[%clk 0:00:29]} 88. Bg3+
{[%clk 0:00:11]} Kd5 {[%clk 0:00:29]} 89. Kxf3 {[%clk 0:00:12]} Kc4+
{[%clk 0:00:30]} 90. Ke3 {[%clk 0:00:11]} Kb3 {[%clk 0:00:30]} 91. Bc7
{[%clk 0:00:11]} Kxa3 {[%clk 0:00:32]} 92. Ba5 {[%clk 0:00:12]} Kb3
{[%clk 0:00:34]} 93. Kf4 {[%clk 0:00:13]} Kc4 {[%clk 0:00:31]} 94. Ke4 1/2-1/2

[Event "Team Championship (men blitz)"]
[Site "Sochi"]
[Date "2017.10.05"]
[Round "11.10"]
[White "Sjugirov, Sanan"]
[Black "Morozevich, Alexander"]
[Result "1-0"]
[LiveChessVersion "1.4.8"]
[BlackElo "2642"]
[WhiteElo "2637"]

1. d4 {[%clk 0:03:01]} e6 {[%clk 0:02:58]} 2. Nf3 {[%clk 0:02:59]} c5
{[%clk 0:02:59]} 3. g3 {[%clk 0:02:49]} Qa5+ {[%clk 0:02:59]} 4. c3
{[%clk 0:02:43]} cxd4 {[%clk 0:02:57]} 5. Nxd4 {[%clk 0:02:42]} Qd5
{[%clk 0:02:49]} 6. Rg1 {[%clk 0:02:36]} Nf6 {[%clk 0:02:47]} 7. Bg2
{[%clk 0:02:36]} Qa5 {[%clk 0:02:44]} 8. Nd2 {[%clk 0:02:26]} d5 {[%clk 0:02:42]}
9. e4 {[%clk 0:02:21]} Nxe4 {[%clk 0:02:21]} 10. Nxe4 {[%clk 0:02:21]} dxe4
{[%clk 0:02:22]} 11. Bxe4 {[%clk 0:02:21]} Be7 {[%clk 0:02:20]} 12. Nb3
{[%clk 0:01:45]} Qc7 {[%clk 0:02:19]} 13. Qe2 {[%clk 0:01:42]} Nd7
{[%clk 0:02:16]} 14. h4 {[%clk 0:01:20]} O-O {[%clk 0:02:12]} 15. Bg5
{[%clk 0:01:22]} Re8 {[%clk 0:01:36]} 16. O-O-O {[%clk 0:01:14]} Bf8
{[%clk 0:01:37]} 17. g4 {[%clk 0:01:01]} Rb8 {[%clk 0:01:26]} 18. Be3
{[%clk 0:00:54]} b5 {[%clk 0:01:26]} 19. Kb1 {[%clk 0:00:39]} Nf6
{[%clk 0:01:23]} 20. Bd3 {[%clk 0:00:37]} Nd5 {[%clk 0:00:54]} 21. g5
{[%clk 0:00:33]} b4 {[%clk 0:00:45]} 22. c4 {[%clk 0:00:34]} Nxe3
{[%clk 0:00:46]} 23. Qxe3 {[%clk 0:00:31]} a5 {[%clk 0:00:45]} 24. h5
{[%clk 0:00:27]} a4 {[%clk 0:00:44]} 25. Nd2 {[%clk 0:00:29]} Bb7
{[%clk 0:00:44]} 26. Ne4 {[%clk 0:00:25]} a3 {[%clk 0:00:41]} 27. Nf6+
{[%clk 0:00:22]} gxf6 {[%clk 0:00:34]} 28. gxf6+ {[%clk 0:00:23]} Kh8
{[%clk 0:00:35]} 29. Qg5 {[%clk 0:00:21]} 1-0

[Event "Team Championship (men blitz)"]
[Site "Sochi"]
[Date "2017.10.05"]
[Round "11.11"]
[White "Savchenko, Boris"]
[Black "Kovalev, Vladislav"]
[Result "1-0"]
[LiveChessVersion "1.4.8"]
[BlackElo "2527"]
[WhiteElo "2630"]

1. e4 {[%clk 0:03:03]} e5 {[%clk 0:03:04]} 2. Nf3 {[%clk 0:03:03]} Nc6
{[%clk 0:03:05]} 3. Bc4 {[%clk 0:03:04]} Nf6 {[%clk 0:03:01]} 4. d3
{[%clk 0:03:05]} Bc5 {[%clk 0:03:02]} 5. c3 {[%clk 0:03:06]} O-O {[%clk 0:03:01]}
6. Nbd2 {[%clk 0:03:07]} a6 {[%clk 0:02:53]} 7. a4 {[%clk 0:03:07]} h6
{[%clk 0:02:48]} 8. a5 {[%clk 0:03:02]} Re8 {[%clk 0:02:42]} 9. h3
{[%clk 0:02:56]} d6 {[%clk 0:02:31]} 10. O-O {[%clk 0:02:56]} Ba7
{[%clk 0:02:23]} 11. Re1 {[%clk 0:02:49]} Nh5 {[%clk 0:02:13]} 12. Nf1
{[%clk 0:02:48]} Qf6 {[%clk 0:02:13]} 13. Ne3 {[%clk 0:02:30]} Nf4
{[%clk 0:02:14]} 14. Nd5 {[%clk 0:02:25]} Nxd5 {[%clk 0:02:15]} 15. Bxd5
{[%clk 0:02:14]} Ne7 {[%clk 0:02:14]} 16. Bb3 {[%clk 0:02:10]} Ng6
{[%clk 0:02:11]} 17. d4 {[%clk 0:02:10]} Nf4 {[%clk 0:01:55]} 18. Be3
{[%clk 0:02:05]} Be6 {[%clk 0:01:38]} 19. Bxe6 {[%clk 0:02:01]} fxe6
{[%clk 0:01:00]} 20. Kh2 {[%clk 0:01:52]} Rf8 {[%clk 0:00:53]} 21. Rc1
{[%clk 0:01:27]} g5 {[%clk 0:00:33]} 22. Ng1 Rf7 23. g3 {[%clk 0:00:43]} Ng6
{[%clk 0:00:24]} 24. Rc2 {[%clk 0:00:44]} exd4 {[%clk 0:00:22]} 25. cxd4
{[%clk 0:00:45]} e5 {[%clk 0:00:23]} 26. d5 {[%clk 0:00:43]} Bxe3
{[%clk 0:00:23]} 27. Rxe3 {[%clk 0:00:44]} Raf8 {[%clk 0:00:17]} 28. Rf3
{[%clk 0:00:43]} Qe7 {[%clk 0:00:14]} 29. Rxf7 {[%clk 0:00:42]} Rxf7
{[%clk 0:00:15]} 30. Kg2 {[%clk 0:00:39]} Nf8 {[%clk 0:00:13]} 31. Qh5
{[%clk 0:00:35]} Kg7 {[%clk 0:00:13]} 32. Qe2 {[%clk 0:00:30]} Nh7
{[%clk 0:00:14]} 33. Nf3 {[%clk 0:00:30]} Nf6 {[%clk 0:00:13]} 34. Rc4
{[%clk 0:00:22]} Qd7 {[%clk 0:00:14]} 35. Rb4 {[%clk 0:00:21]} c6
{[%clk 0:00:15]} 36. dxc6 {[%clk 0:00:22]} Qxc6 {[%clk 0:00:16]} 37. Nd2
{[%clk 0:00:19]} Qc5 {[%clk 0:00:13]} 38. Ra4 {[%clk 0:00:15]} Qc2
{[%clk 0:00:07]} 39. Rb4 {[%clk 0:00:16]} Rc7 {[%clk 0:00:05]} 40. Qe3
{[%clk 0:00:16]} Qc5 {[%clk 0:00:03]} 41. Rc4 {[%clk 0:00:16]} Qxa5
{[%clk 0:00:04]} 42. b4 {[%clk 0:00:16]} 1-0

[Event "Team Championship (men blitz)"]
[Site "Sochi"]
[Date "2017.10.05"]
[Round "11.12"]
[White "Predke, Alexandr"]
[Black "Bocharov, Dmitry"]
[Result "0-1"]
[LiveChessVersion "1.4.8"]
[BlackElo "2653"]
[WhiteElo "2528"]

1. e4 {[%clk 0:03:02]} g6 {[%clk 0:03:02]} 2. d4 {[%clk 0:03:03]} Bg7
{[%clk 0:03:03]} 3. Nc3 {[%clk 0:03:04]} a6 {[%clk 0:03:03]} 4. f4
{[%clk 0:03:01]} b5 {[%clk 0:03:04]} 5. Nf3 {[%clk 0:03:02]} Bb7 {[%clk 0:03:04]}
6. Bd3 {[%clk 0:03:02]} d6 {[%clk 0:02:41]} 7. O-O {[%clk 0:03:01]} Nd7
{[%clk 0:02:40]} 8. e5 {[%clk 0:02:49]} Nh6 {[%clk 0:02:31]} 9. Ng5
{[%clk 0:02:46]} e6 {[%clk 0:02:18]} 10. Nce4 {[%clk 0:02:11]} Qe7
{[%clk 0:02:12]} 11. c3 {[%clk 0:02:10]} O-O {[%clk 0:02:08]} 12. Qe2
{[%clk 0:02:05]} Rad8 {[%clk 0:02:01]} 13. Bd2 {[%clk 0:02:04]} Nf5
{[%clk 0:01:36]} 14. g4 {[%clk 0:01:52]} Nh6 {[%clk 0:01:36]} 15. Be1
{[%clk 0:01:51]} Rfe8 {[%clk 0:01:17]} 16. Bh4 {[%clk 0:01:29]} Qf8
{[%clk 0:01:18]} 17. Rae1 {[%clk 0:01:22]} Ba8 {[%clk 0:01:09]} 18. Bc2
{[%clk 0:01:13]} Bd5 {[%clk 0:00:57]} 19. Qf3 {[%clk 0:01:13]} c5
{[%clk 0:00:55]} 20. Qh3 {[%clk 0:01:08]} cxd4 {[%clk 0:00:54]} 21. Nxd6
{[%clk 0:01:07]} dxc3 {[%clk 0:00:55]} 22. bxc3 {[%clk 0:00:31]} Nc5
{[%clk 0:00:55]} 23. Nxe8 {[%clk 0:00:27]} Rxe8 {[%clk 0:00:56]} 24. Ne4
{[%clk 0:00:27]} Nxe4 {[%clk 0:00:52]} 25. Bxe4 {[%clk 0:00:28]} Bxa2
{[%clk 0:00:52]} 26. Ra1 {[%clk 0:00:20]} Bc4 {[%clk 0:00:52]} 27. Rfd1
{[%clk 0:00:21]} Be2 {[%clk 0:00:43]} 28. Rd7 {[%clk 0:00:17]} Nxg4
{[%clk 0:00:43]} 29. Qg2 {[%clk 0:00:06]} Qc5+ {[%clk 0:00:43]} 30. Kh1
{[%clk 0:00:07]} Qxc3 {[%clk 0:00:39]} 31. Rxa6 {[%clk 0:00:04]} Qc1+
{[%clk 0:00:36]} 32. Qg1 {[%clk 0:00:05]} Qxf4 {[%clk 0:00:35]} 33. Qg2
{[%clk 0:00:05]} Bf1 {[%clk 0:00:30]} 34. Qc2 {[%clk 0:00:04]} Bc4
{[%clk 0:00:26]} 35. Raa7 {[%clk 0:00:04]} Qf1# {[%clk 0:00:26]} 0-1

[Event "Team Championship (men blitz)"]
[Site "Sochi"]
[Date "2017.10.05"]
[Round "11.13"]
[White "Goryachkina, Aleksandra"]
[Black "Artemiev, Vladislav"]
[Result "0-1"]
[LiveChessVersion "1.4.8"]
[BlackElo "2729"]
[WhiteElo "2401"]

1. e4 {[%clk 0:03:03]} c5 {[%clk 0:03:00]} 2. Nf3 {[%clk 0:03:04]} d6
{[%clk 0:03:00]} 3. Bb5+ {[%clk 0:03:04]} Nd7 {[%clk 0:03:01]} 4. a4
{[%clk 0:03:05]} Ngf6 {[%clk 0:02:56]} 5. Nc3 {[%clk 0:03:06]} g6
{[%clk 0:02:52]} 6. O-O {[%clk 0:03:05]} Bg7 {[%clk 0:02:52]} 7. a5
{[%clk 0:03:07]} a6 {[%clk 0:02:51]} 8. Be2 {[%clk 0:03:06]} O-O {[%clk 0:02:40]}
9. Re1 {[%clk 0:03:07]} Nb8 {[%clk 0:02:15]} 10. e5 {[%clk 0:03:08]} Ne8
{[%clk 0:02:08]} 11. exd6 {[%clk 0:03:06]} Nxd6 {[%clk 0:02:09]} 12. d4
{[%clk 0:03:00]} cxd4 {[%clk 0:02:07]} 13. Nxd4 {[%clk 0:03:01]} Nc6
{[%clk 0:02:04]} 14. Nxc6 {[%clk 0:02:57]} bxc6 {[%clk 0:02:05]} 15. Bf3
{[%clk 0:02:57]} Qc7 {[%clk 0:01:31]} 16. Qe2 {[%clk 0:02:54]} Nf5
{[%clk 0:01:29]} 17. Be3 {[%clk 0:02:46]} Nxe3 {[%clk 0:01:19]} 18. Qxe3
{[%clk 0:02:47]} Rb8 {[%clk 0:01:17]} 19. Na4 {[%clk 0:02:20]} Bxb2
{[%clk 0:00:52]} 20. Nxb2 {[%clk 0:02:17]} Rxb2 {[%clk 0:00:53]} 21. Qc3
{[%clk 0:02:15]} Rb5 {[%clk 0:00:46]} 22. Qxc6 {[%clk 0:01:59]} Qxc6
{[%clk 0:00:47]} 23. Bxc6 {[%clk 0:02:00]} Rc5 {[%clk 0:00:48]} 24. Be4
{[%clk 0:01:57]} Rd8 {[%clk 0:00:46]} 25. Bd3 {[%clk 0:01:57]} Kf8
{[%clk 0:00:32]} 26. Reb1 {[%clk 0:01:56]} Rdd5 {[%clk 0:00:31]} 27. Rb6
{[%clk 0:01:49]} Kg7 {[%clk 0:00:16]} 28. h3 {[%clk 0:01:28]} Rxa5
{[%clk 0:00:06]} 29. Rxa5 {[%clk 0:01:20]} Rxa5 {[%clk 0:00:08]} 30. Rc6
{[%clk 0:01:19]} Bf5 {[%clk 0:00:04]} 31. Rxa6 {[%clk 0:01:07]} Rxa6
{[%clk 0:00:05]} 32. Bxa6 {[%clk 0:01:08]} Bxc2 {[%clk 0:00:06]} 33. f4
{[%clk 0:00:54]} Kf6 {[%clk 0:00:07]} 34. Kf2 {[%clk 0:00:53]} Be4
{[%clk 0:00:08]} 35. g3 {[%clk 0:00:53]} g5 {[%clk 0:00:08]} 36. h4
{[%clk 0:00:45]} gxf4 {[%clk 0:00:06]} 37. gxf4 {[%clk 0:00:46]} Kf5
{[%clk 0:00:06]} 38. Kg3 {[%clk 0:00:45]} h6 {[%clk 0:00:07]} 39. Bc8+
{[%clk 0:00:43]} e6 {[%clk 0:00:08]} 40. Bd7 {[%clk 0:00:44]} f6 {[%clk 0:00:09]}
41. Bc8 {[%clk 0:00:45]} Bd5 {[%clk 0:00:10]} 42. Bd7 {[%clk 0:00:25]} Ke4
{[%clk 0:00:07]} 43. Kg4 {[%clk 0:00:25]} Bc4 {[%clk 0:00:05]} 44. Bc8
{[%clk 0:00:24]} Be2+ {[%clk 0:00:04]} 45. Kg3 {[%clk 0:00:25]} e5
{[%clk 0:00:05]} 46. Bb7+ {[%clk 0:00:11]} Ke3 {[%clk 0:00:07]} 47. fxe5
{[%clk 0:00:07]} fxe5 {[%clk 0:00:08]} 48. Bc6 {[%clk 0:00:06]} e4
{[%clk 0:00:09]} 49. Bb7 {[%clk 0:00:04]} Bf3 {[%clk 0:00:05]} 50. Bc6
{[%clk 0:00:05]} h5 {[%clk 0:00:05]} 51. Bb7 {[%clk 0:00:07]} Bg4
{[%clk 0:00:04]} 52. Bc6 {[%clk 0:00:08]} Bf3 {[%clk 0:00:04]} 53. Bb7
{[%clk 0:00:09]} Bd1 {[%clk 0:00:04]} 54. Bc6 {[%clk 0:00:10]} Kd4
{[%clk 0:00:04]} 55. Kf2 {[%clk 0:00:10]} e3+ {[%clk 0:00:04]} 56. Ke1
{[%clk 0:00:11]} Bg4 {[%clk 0:00:05]} 57. Bb5 {[%clk 0:00:06]} Ke4
{[%clk 0:00:06]} 58. Bc6+ {[%clk 0:00:04]} Kf4 {[%clk 0:00:08]} 0-1

[Event "Team Championship (men blitz)"]
[Site "Sochi"]
[Date "2017.10.05"]
[Round "11.15"]
[White "Belyakov, Bogdan"]
[Black "Timofeev, Artyom"]
[Result "1/2-1/2"]
[LiveChessVersion "1.4.8"]
[BlackElo "2619"]
[WhiteElo "2477"]

1. e4 {[%clk 0:03:03]} e6 {[%clk 0:03:03]} 2. d4 {[%clk 0:03:04]} d5
{[%clk 0:03:04]} 3. Nc3 {[%clk 0:03:05]} dxe4 {[%clk 0:03:04]} 4. Nxe4
{[%clk 0:03:06]} Nd7 {[%clk 0:03:05]} 5. Bd3 {[%clk 0:03:05]} Ngf6
{[%clk 0:03:06]} 6. Qe2 {[%clk 0:03:06]} Nxe4 {[%clk 0:02:57]} 7. Bxe4
{[%clk 0:03:05]} Nf6 {[%clk 0:02:56]} 8. Bxb7 {[%clk 0:03:05]} Bxb7
{[%clk 0:02:50]} 9. Qb5+ {[%clk 0:03:06]} Nd7 {[%clk 0:02:43]} 10. Qxb7
{[%clk 0:03:06]} Bd6 {[%clk 0:02:44]} 11. Nf3 {[%clk 0:03:05]} O-O
{[%clk 0:02:43]} 12. O-O {[%clk 0:03:04]} a5 {[%clk 0:02:42]} 13. a4
{[%clk 0:02:59]} Rb8 {[%clk 0:02:40]} 14. Qa6 {[%clk 0:02:58]} Ra8
{[%clk 0:02:37]} 15. Qe2 {[%clk 0:02:57]} c5 {[%clk 0:02:36]} 16. dxc5
{[%clk 0:02:56]} Nxc5 {[%clk 0:02:34]} 17. b3 {[%clk 0:02:55]} Qf6
{[%clk 0:02:30]} 18. Rb1 {[%clk 0:02:50]} Qg6 {[%clk 0:02:27]} 19. Bb2
{[%clk 0:02:50]} Rac8 {[%clk 0:02:22]} 20. Rbd1 {[%clk 0:02:38]} Rfd8
{[%clk 0:02:00]} 21. Ne5 {[%clk 0:02:35]} Bxe5 {[%clk 0:01:59]} 22. Bxe5
{[%clk 0:02:35]} Ne4 {[%clk 0:01:59]} 23. Rxd8+ {[%clk 0:02:31]} Rxd8
{[%clk 0:02:01]} 24. Rd1 {[%clk 0:02:29]} Rc8 {[%clk 0:01:56]} 25. Qa6
{[%clk 0:02:05]} Rf8 {[%clk 0:01:53]} 26. Re1 {[%clk 0:01:59]} Qf5
{[%clk 0:01:52]} 27. Qe2 {[%clk 0:01:48]} Qxe5 {[%clk 0:01:52]} 28. Qxe4
{[%clk 0:01:48]} Qc3 {[%clk 0:01:42]} 29. Rd1 {[%clk 0:01:28]} g6
{[%clk 0:01:39]} 30. Qd3 {[%clk 0:01:29]} Qb2 {[%clk 0:01:38]} 31. Qc4
{[%clk 0:01:13]} Rb8 {[%clk 0:01:31]} 32. g3 {[%clk 0:01:12]} Rb4
{[%clk 0:01:25]} 33. Qc5 {[%clk 0:01:12]} Kg7 {[%clk 0:01:19]} 34. Qxa5
{[%clk 0:01:07]} Qxc2 {[%clk 0:01:19]} 35. Qxb4 {[%clk 0:00:50]} Qxd1+
{[%clk 0:01:20]} 36. Kg2 {[%clk 0:00:51]} Qd5+ {[%clk 0:01:20]} 37. Kf1
{[%clk 0:00:48]} Qd1+ {[%clk 0:01:21]} 38. Qe1 {[%clk 0:00:48]} Qxb3
{[%clk 0:01:22]} 39. Qa1+ {[%clk 0:00:49]} f6 {[%clk 0:01:20]} 40. a5
{[%clk 0:00:50]} Qb5+ {[%clk 0:01:21]} 41. Kg1 {[%clk 0:00:51]} Qa6
{[%clk 0:01:21]} 42. Qa4 {[%clk 0:00:50]} e5 {[%clk 0:01:22]} 43. h4
{[%clk 0:00:50]} f5 {[%clk 0:01:16]} 44. Qb4 {[%clk 0:00:51]} f4 {[%clk 0:01:16]}
45. Qe7+ {[%clk 0:00:45]} Kg8 {[%clk 0:01:07]} 46. Qe8+ {[%clk 0:00:46]} Kg7
{[%clk 0:01:08]} 47. Qxe5+ {[%clk 0:00:47]} Kg8 {[%clk 0:01:07]} 48. gxf4
{[%clk 0:00:45]} Qd3 {[%clk 0:01:05]} 49. Kg2 {[%clk 0:00:45]} Qa6
{[%clk 0:01:00]} 50. Qd5+ {[%clk 0:00:43]} Kg7 {[%clk 0:01:00]} 51. h5
{[%clk 0:00:43]} gxh5 {[%clk 0:01:00]} 52. Qg5+ {[%clk 0:00:43]} Kf8
{[%clk 0:01:00]} 53. Qxh5 {[%clk 0:00:42]} Qc6+ {[%clk 0:01:01]} 54. Kh2
{[%clk 0:00:42]} Qa4 {[%clk 0:00:59]} 55. Qf5+ {[%clk 0:00:39]} Kg7
{[%clk 0:01:00]} 56. Qe5+ {[%clk 0:00:39]} Kf7 {[%clk 0:01:01]} 57. Qc7+
{[%clk 0:00:29]} Kf6 {[%clk 0:00:57]} 58. Qd6+ {[%clk 0:00:28]} Kf5
{[%clk 0:00:54]} 59. a6 {[%clk 0:00:29]} Kg4 {[%clk 0:00:53]} 60. f5
{[%clk 0:00:23]} Kxf5 {[%clk 0:00:51]} 61. Qd5+ {[%clk 0:00:21]} Kf6
{[%clk 0:00:49]} 62. Qf3+ {[%clk 0:00:17]} Kg6 {[%clk 0:00:47]} 63. Qd3+
{[%clk 0:00:17]} Kf6 {[%clk 0:00:46]} 64. Kg2 {[%clk 0:00:13]} h5
{[%clk 0:00:47]} 65. Qd6+ {[%clk 0:00:11]} Kf5 {[%clk 0:00:42]} 66. Qc5+
{[%clk 0:00:11]} Kg6 {[%clk 0:00:41]} 67. Qb6+ {[%clk 0:00:09]} Kf7
{[%clk 0:00:40]} 68. Qb7+ {[%clk 0:00:09]} Kf6 {[%clk 0:00:38]} 69. Qf3+
{[%clk 0:00:08]} Kg6 {[%clk 0:00:37]} 70. Qd3+ {[%clk 0:00:08]} Kf6
{[%clk 0:00:35]} 71. f3 {[%clk 0:00:08]} Qa5 {[%clk 0:00:29]} 72. Qd6+
{[%clk 0:00:07]} Kf5 {[%clk 0:00:29]} 73. Qd7+ {[%clk 0:00:08]} Kf4
{[%clk 0:00:28]} 74. a7 {[%clk 0:00:07]} Qa2+ {[%clk 0:00:11]} 75. Kh3
{[%clk 0:00:07]} Kxf3 {[%clk 0:00:12]} 76. Qf5+ {[%clk 0:00:04]} Ke3
{[%clk 0:00:13]} 77. Qe5+ {[%clk 0:00:04]} Kf2 {[%clk 0:00:10]} 78. Qg3+
{[%clk 0:00:04]} Kf1 {[%clk 0:00:09]} 79. Qf3+ {[%clk 0:00:04]} Kg1
{[%clk 0:00:10]} 80. Qg3+ {[%clk 0:00:04]} Kf1 {[%clk 0:00:11]} 81. Qf4+
{[%clk 0:00:05]} Kg1 {[%clk 0:00:13]} 82. Qe3+ {[%clk 0:00:05]} Kf1
{[%clk 0:00:14]} 83. Qf3+ {[%clk 0:00:05]} Kg1 {[%clk 0:00:16]} 84. Qg3+
{[%clk 0:00:05]} Kf1 {[%clk 0:00:16]} 85. Qf4+ {[%clk 0:00:04]} Kg1
{[%clk 0:00:18]} 86. Qe3+ {[%clk 0:00:04]} Kf1 {[%clk 0:00:19]} 87. Kh4
{[%clk 0:00:04]} Qa4+ {[%clk 0:00:17]} 88. Kxh5 {[%clk 0:00:05]} Qb5+
{[%clk 0:00:18]} 89. Kg4 {[%clk 0:00:05]} Qd7+ {[%clk 0:00:19]} 90. Kf3
{[%clk 0:00:05]} Qb7+ {[%clk 0:00:19]} 91. Qe4 {[%clk 0:00:06]} Qf7+
{[%clk 0:00:17]} 92. Kg3 {[%clk 0:00:04]} Qxa7 {[%clk 0:00:13]} 93. Qf3+
{[%clk 0:00:05]} 1/2-1/2

[Event "Team Championship (men blitz)"]
[Site "Sochi"]
[Date "2017.10.05"]
[Round "11.16"]
[White "Sharafiev, Azat"]
[Black "Savitskiy, Sergey"]
[Result "1-0"]
[LiveChessVersion "1.4.8"]
[BlackElo "2327"]
[WhiteElo "2459"]

1. d4 {[%clk 0:03:03]} Nf6 {[%clk 0:03:03]} 2. Nf3 {[%clk 0:03:04]} g6
{[%clk 0:03:05]} 3. Bf4 {[%clk 0:03:05]} Bg7 {[%clk 0:03:06]} 4. e3
{[%clk 0:03:06]} O-O {[%clk 0:03:06]} 5. Be2 {[%clk 0:03:07]} d6 {[%clk 0:03:06]}
6. h3 {[%clk 0:03:08]} Nfd7 {[%clk 0:03:07]} 7. Bh2 {[%clk 0:03:01]} e5
{[%clk 0:03:04]} 8. O-O {[%clk 0:02:55]} Nc6 {[%clk 0:03:04]} 9. c3
{[%clk 0:02:50]} Qe7 {[%clk 0:02:54]} 10. a4 {[%clk 0:02:45]} f5 {[%clk 0:02:44]}
11. Re1 {[%clk 0:02:34]} g5 {[%clk 0:02:37]} 12. Na3 {[%clk 0:02:22]} a6
{[%clk 0:02:34]} 13. Nc4 {[%clk 0:01:50]} Kh8 {[%clk 0:02:18]} 14. b4
{[%clk 0:01:40]} e4 {[%clk 0:01:11]} 15. Nfd2 {[%clk 0:01:40]} d5
{[%clk 0:01:12]} 16. b5 {[%clk 0:01:37]} Nd8 {[%clk 0:01:02]} 17. Na5
{[%clk 0:01:27]} f4 {[%clk 0:00:42]} 18. c4 {[%clk 0:01:18]} b6 {[%clk 0:00:30]}
19. Nc6 {[%clk 0:00:59]} Nxc6 {[%clk 0:00:30]} 20. bxc6 {[%clk 0:01:00]} Nf6
{[%clk 0:00:28]} 21. cxd5 {[%clk 0:01:00]} Nxd5 {[%clk 0:00:29]} 22. Bc4
{[%clk 0:01:00]} fxe3 {[%clk 0:00:25]} 23. fxe3 {[%clk 0:00:51]} Nxe3
{[%clk 0:00:22]} 24. Rxe3 {[%clk 0:00:40]} Bxd4 {[%clk 0:00:22]} 25. Nf1
{[%clk 0:00:19]} Rxf1+ {[%clk 0:00:21]} 26. Bxf1 {[%clk 0:00:15]} Bxe3+
{[%clk 0:00:20]} 27. Kh1 {[%clk 0:00:17]} Bf5 {[%clk 0:00:10]} 28. Bxa6
{[%clk 0:00:17]} Bf4 {[%clk 0:00:09]} 29. Qd4+ {[%clk 0:00:14]} Qg7
{[%clk 0:00:09]} 30. Qxg7+ Kxg7 {[%clk 0:00:10]} 31. Bb7 {[%clk 0:00:11]} Re8
{[%clk 0:00:12]} 32. Bg1 {[%clk 0:00:05]} e3 {[%clk 0:00:12]} 33. Ba6
{[%clk 0:00:05]} Bg3 {[%clk 0:00:06]} 34. Be2 {[%clk 0:00:04]} Bf2
{[%clk 0:00:06]} 35. Rf1 {[%clk 0:00:05]} Bxg1 {[%clk 0:00:06]} 36. Rxf5
{[%clk 0:00:06]} Bf2 {[%clk 0:00:06]} 37. Rxg5+ {[%clk 0:00:07]} Kf6
{[%clk 0:00:08]} 38. Rd5 {[%clk 0:00:07]} Ra8 {[%clk 0:00:07]} 39. g4
{[%clk 0:00:04]} Rxa4 {[%clk 0:00:07]} 40. Kg2 {[%clk 0:00:06]} Ra2
{[%clk 0:00:07]} 41. Kf3 {[%clk 0:00:07]} Rc2 {[%clk 0:00:06]} 42. Bb5
{[%clk 0:00:07]} Bh4 {[%clk 0:00:06]} 43. Rf5+ {[%clk 0:00:06]} Ke7
{[%clk 0:00:07]} 44. Rh5 {[%clk 0:00:07]} Bf6 {[%clk 0:00:04]} 45. Rxh7+
{[%clk 0:00:08]} Kd6 {[%clk 0:00:05]} 46. Kxe3 {[%clk 0:00:09]} Kc5
{[%clk 0:00:04]} 47. Bd3 {[%clk 0:00:09]} Rc3 {[%clk 0:00:05]} 48. h4
{[%clk 0:00:09]} Kxc6 {[%clk 0:00:05]} 49. Rh6 {[%clk 0:00:10]} 1-0